Is This Belgian? - Statistics

General Stats
  • This quiz has been taken 42 times
    34 since last reset
  • The average score is 9 of 18
Answers on the Grid
Answers color-coded by a green-red scale on the quiz's grid according to % correct below.
Brussels
Gravensteen
Notre-Dame
Evian
Spa
Chaudfontain
Alps
Fries
Antwerp
Clogs
Limburg
Stella Artois
Tulips
Bratwurst
Coquille Saint-Jacques
Ostend Shrimps
North Sea
Luxembourg
Eden Hazard
Dinant
Belgian Franc
Signal de Botrange
Mediterranean Sea
Adolhpe Sax
Smurfs
Tintin
Charles Aznavour
Euro
Bastille
Joost Klein
 
Answer Stats
Answer % Correct
Brussels
68%
Eden Hazard
68%
Fries
68%
Spa
58%
Stella Artois
58%
Antwerp
53%
Euro
53%
Smurfs
53%
Tintin
53%
Chaudfontain
47%
Dinant
47%
North Sea
47%
Adolhpe Sax
42%
Limburg
42%
Gravensteen
37%
Luxembourg
26%
Ostend Shrimps
26%
Signal de Botrange
21%
No matching quizzes found
Score Distribution
Percent of People with Each Score
Percentile by Number Answered
Your Score History
You have not taken this quiz since the last reset